| 000 | 01856nam0a2200397 4500 | ||
|---|---|---|---|
| 001 | RU\NLR\bibl\103073 | ||
| 005 | 20250617084450.0 | ||
| 010 |
_a5-222-01017-1 _910000 |
||
| 021 |
_aRU _b2000-12462 _9612 |
||
| 035 | _a(NLR Aleph) 000100828 | ||
| 090 |
_a569221 _c569221 |
||
| 100 | _a20000811d2000 |||y0rusy50 ca | ||
| 101 | 1 |
_arus _ceng |
|
| 102 | _aRU | ||
| 105 | _aa ||||||||| | ||
| 200 | 1 |
_aКвентин Тарантино _fБ. Рамстайн, Дж. Цукер |
|
| 210 |
_aРостов н/Д _cФеникс _d2000 |
||
| 215 |
_a381, [1] с., [8] л. ил., цв. ил., факс., портр. _d21 |
||
| 300 | _aЗагл. обл.: Джон Траволта и Квентин Тарантино | ||
| 300 | _aНа обл. авт. не указаны | ||
| 423 | 1 |
_12001#$aДжон Траволта - высокое напряжение$fНата Уолдмэн$g[Пер.: Сажнева Д.] _1210##$aРостов н/Д$d2000 _1215##$aС. 183-381, [1] _1700#1$aУолдмэн$bН.$gНата$4070 _tДжон Траволта - высокое напряжение _aУолдмэн, Ната |
|
| 512 | 1 | _aДжон Траволта и Квентин Тарантино | |
| 600 | 1 |
_aТраволта _bД. _gДжон _92177752 _3RU\NLR\auth\661309743 |
|
| 600 | 1 |
_aТарантино _bК. _f1963 _gКвентин _92098630 _3RU\NLR\auth\661269513 |
|
| 600 | 1 |
_aТарантино _bК. _f1963- _gКвентин _2psbo |
|
| 600 | 1 |
_aТраволта _bД. _gДжон _2psbo |
|
| 686 | _aЩ374.3(7США)6-85Тарантино | ||
| 686 | _aЩ374.3(7США)6-86Траволта | ||
| 700 | 1 |
_aРамстайн _bБ. _4070 |
|
| 701 | 1 |
_aЦукер _bД. _gДж _4070 |
|
| 801 | 0 |
_aRU _bNLR _c20000811 _gPSBO |
|
| 801 | 1 |
_aRU _bNLR _c20000811 |
|
| 852 |
_aNLR _j2000-3/8060 |
||
| 942 | _cBOOK | ||
| 980 | _aNB | ||